00394nam a2200133Ia 4500008004100000082001400041100002800055245002300083260001800106600001500124942000700139952009700146999001700243241002s9999 xx 000 0 und d a153.2 ALF aAlfred, North Whitehead 0aAdventure of Ideas aLondon:c1967 aPhilosophy cUC 00104070aUITUbUITUd1994-01-01l0o153.2 ALFpUC609r2024-10-02 09:31:24w2024-10-02yUC c18936d18936